ক্ষুদ্রঋণ ও নারীর ক্ষমতায়ন / (Record no. 23685)
[ view plain ]
| 000 -LEADER | |
|---|---|
| fixed length control field | 01129nam a22002657a 4500 |
| 001 - CONTROL NUMBER | |
| control field | 23685 |
| 003 - CONTROL NUMBER IDENTIFIER | |
| rucl marc code | BD-RjUL |
| 005 - DATE AND TIME OF LATEST TRANSACTION | |
| control field | 20211209000947.0 |
| 008 - FIXED-LENGTH DATA ELEMENTS--GENERAL INFORMATION | |
| fixed length control field | 160804s2014 bg ||||| |||| 00| 0 ben d |
| 020 ## - INTERNATIONAL STANDARD BOOK NUMBER | |
| International Standard Book Number | 9789849048633 |
| 035 ## - SYSTEM CONTROL NUMBER | |
| System control number | (BD-RjUL)23750 |
| 040 ## - CATALOGING SOURCE | |
| Original cataloging agency | BD-RjUL |
| Language of cataloging | ben |
| Transcribing agency | BD-RjUL |
| 041 ## - LANGUAGE CODE | |
| Language code of text/sound track or separate title | ben |
| 082 ## - DEWEY DECIMAL CLASSIFICATION NUMBER | |
| Edition number | 23 |
| Classification number | 305.42095492 |
| Author mark and year | CHK 2014 |
| 100 ## - MAIN ENTRY--PERSONAL NAME | |
| Personal name | চৌধুরী, মো. শাহীদুর রহমান |
| 9 (RLIN) | 72929 |
| 245 10 - TITLE STATEMENT | |
| Title | ক্ষুদ্রঋণ ও নারীর ক্ষমতায়ন / |
| Statement of responsibility, etc. | মো. শাহীদুর রহমান চেৌধুরী. |
| 260 ## - PUBLICATION, DISTRIBUTION, ETC. (IMPRINT) | |
| Place of publication, distribution, etc. | ঢাকা : |
| Name of publisher, distributor, etc. | এ এইচ ডেভেলপমেন্ট পাবলিশিং হাউস, |
| Date of publication, distribution, etc. | ২০১৪. |
| 300 ## - PHYSICAL DESCRIPTION | |
| Pagination | ১৩০ পৃ. : |
| Illustrations | চিত্র ; |
| Size | ২২ সেমি. |
| 504 ## - BIBLIOGRAPHY, ETC. NOTE | |
| Bibliography, etc | নিঘর্ন্ট সম্বলিত |
| 650 ## - SUBJECT ADDED ENTRY--TOPICAL TERM | |
| Topical term or geographic name as entry element | ক্ষুদ্রঋণ |
| General subdivision | বাংলাদেশ |
| 9 (RLIN) | 72930 |
| Topical term or geographic name as entry element | Microcredit |
| 9 (RLIN) | 72931 |
| Geographic subdivision | Banglladesh |
| Topical term or geographic name as entry element | নারী |
| Geographic subdivision | বাংলাদেশ |
| 9 (RLIN) | 161984 |
| Topical term or geographic name as entry element | Women |
| Geographic subdivision | Bangladesh |
| 9 (RLIN) | 161985 |
| 942 ## - ADDED ENTRY ELEMENTS (KOHA) | |
| Source of classification or shelving scheme | Dewey Decimal Classification |
| Koha item type | Books |
| Lost status | Source of classification or shelving scheme | Damaged status | Not for loan | Collection code | Permanent Location | Current Location | Shelving location | Date acquired | Source of acquisition | Cost, normal purchase price | Total Checkouts | Full call number | Date last seen | Copy number | Koha item type | Date checked out |
|---|---|---|---|---|---|---|---|---|---|---|---|---|---|---|---|---|
| Dewey Decimal Classification | Not For Loan | Non-fiction | Central Library, University of Rajshahi | Central Library, University of Rajshahi | Reading Room | 13/02/2014 | Social work, R.U. | 300.00 | B 305.42095492 CHK 2014 | 11/03/2014 | C-1 | Books | ||||
| Dewey Decimal Classification | Non-fiction | Central Library, University of Rajshahi | Central Library, University of Rajshahi | Reading Room | 13/02/2014 | Social Work, R.U. | 300.00 | 3 | B 305.42095492 CHK 2014 | 20/11/2016 | C-2 | Books | 02/11/2016 | |||
| Dewey Decimal Classification | Non-fiction | Central Library, University of Rajshahi | Central Library, University of Rajshahi | 13/02/2014 | Dep[t. of Social Work, R.U. | 300.00 | 2 | B 305.42095492 CHK 2014 | 17/05/2022 | C-3 | Books | 16/05/2022 | ||||
| Dewey Decimal Classification | Non-fiction | Central Library, University of Rajshahi | Central Library, University of Rajshahi | Reading Room | 13/02/2014 | Social Work, R.U. | 300.00 | 6 | B 305.42095492 CHK 2014 | 29/03/2022 | C-4 | Books | 23/03/2022 | |||
| Dewey Decimal Classification | Non-fiction | Central Library, University of Rajshahi | Central Library, University of Rajshahi | Reading Room | 13/02/2014 | Social Work, R.U. | 300.00 | 3 | B 305.42095492 CHK 2014 | 07/12/2016 | C-5 | Books | 15/11/2016 |